Cities in Southwest Florida - Statistics

General Stats
  • This quiz has been taken 12 times
  • The average score is 6 of 10
Answer Stats
Hint Answer % Correct
Also a famous city in italy Naples
100%
The airport was ranked "Best Large Airport" in 2022 and 2023 Tampa
91%
Was directly hit by Hurricane Ian 2022 Fort Myers
82%
Same name as a large Russian city St. Petersburg
82%
Home to the number one beach in the US Sarasota
64%
Has the number 2 best beach in the US (I think) Clearwater
55%
Same name of famous city in italy Venice
45%
Home to the Manatee river Bradenton
36%
Has world class fishing Port Charlotte
27%
Has good beaches Bonita Springs
9%
No matching quizzes found
Score Distribution
Percent of People with Each Score
Percentile by Number Answered
Your Score History
You have not taken this quiz